000 00821cam a2200229 a 4500
001 000006143
005 20200929151941.0
008 970707s1996 es 001 p spa d
040 _aDO-SdBNP
_cDLC
_dDLC
082 _aES861.44
_bD152v
100 1 _aDalton, Roque,
_d1935-1975
_99961
245 1 3 _aLa ventana en el rostro /
_cRoque Dalton.
260 _aSan Salvador, El Salvador :
_bConsejo Nacional para la Cultura y el Arte,
_c1996.
_eSan José, Costa Rica :
_fLitografía e Imprenta LIL,
300 _a126 p. ;
_c22 cm.
490 1 _aBiblioteca básica de literatura salvadoreña
_v10
650 4 _aPoesía salvadoreña
_912306
650 4 _aLiteratura salvadoreña
_92929
830 0 _aBiblioteca básica de literatura salvadoreña ;
_v10
_98991
910 _aCatalogación derivada
910 _aWM
049 _aBNGR
999 _c5939
_d5939